00479 2200181 4500001002100000005001500021008004100036020002200077035001900099041000700118082001000125090001600135100002000151245004000171260003000211300002900241650002700270INLIS00000000001136920241224114152241224||||||||| | ||| |||| || |  a978-602-7572-59-1 0010-1224011369 aid0 a618.2 a618.2 YUL p0 aYulinda Puspita00aPanduan Cepat Mendapatkan Buah Hati aYogyakartabstiletto book a19x13 cm, xiv, 230 hlm.; 0aBuku Panduan Kehamilan